Apelidos no futebol - Statistics

Estatísticas Gerais
  • Esse quiz foi jogado 477 vezes
  • A pontuação média é 15 de 103
Estatísticas das Respostas
Hint Resposta % Correto
Arthur Antunes Coimbra Zico
79%
Edson Arantes do Nascimento Pelé
77%
Adenor Leonardo Bachi Tite
64%
Ronaldo de Assis Moreira Ronaldinho
63%
Luís Felipe Scolari Felipão
53%
Ricardo Izecson dos Santos Leite Kaká
50%
Marcos Evangelista de Morais Cafu
45%
Manoel Francisco dos Santos Garrincha
44%
Jair Ventura Filho Jairzinho
40%
Robson de Souza Robinho
38%
Paulo Henrique de Chagas Lima Ganso
36%
Givanildo Vieira de Souza Hulk
32%
José Roberto Gama de Oliveira Bebeto
29%
Alexandre Rodrigues da Silva Pato
29%
Carlos Caetano Bledorn Verri Dunga
27%
Edvaldo Alves de Santa Rosa Dida
26%
Nelson de Jesus Silva Dida (goleiro)
26%
Frederico Chaves Guedes Fred
26%
Marcos André Batista Santos Vampeta
25%
Alexi Stival Cuca
24%
Márcio Passos de Albuquerque Emerson Sheik
24%
Valdir Pereira Didi
23%
João Alves de Assis Silva
22%
Marcelo Pereira Surcin Marcelinho Carioca
21%
José Macia Pepe
21%
Eduardo Gonçalves de Andrade Tostão
21%
Crizam César de Oliveira Filho Zinho
21%
Cícero João de Cézare Cicinho
20%
Carlos Roberto de Oliveira Roberto Dinamite
20%
Cláudio Ibraim Vaz Leal Branco
19%
Olegário Tolói de Oliveira Dudu
18%
Antônio Augusto Ribeiro Reis Junior Juninho Pernambucano
18%
José Ely de Miranda Zito
18%
Antônio de Oliveira FIlho Careca
17%
Anderson Vital da Silva Dedé
17%
Doniéber Alexander Marangon Doni
16%
Arílson de Paula Nunes Paulo Nunes
16%
Edvaldo Izídio Neto Vavá
16%
Dario José dos Santos Dadá Maravilha
15%
José Paulo Bezerra Maciel Júnior das Chagas Paulinho
15%
Mílton Queiroz da Paixão Tita
14%
Oswaldo Giroldo Júnior Juninho Paulista
13%
Luiz Carlos Bombonato Goulart Luizão
13%
Antônio Wilson Vieira Honório Coutinho
11%
Iomar do Nascimento Mazinho
11%
Victor Vinícius Coelho dos Santos Vitinho
11%
Anderson Luís de Souza Deco
9%
Jonas Eduardo Américo Edu
9%
Luiz Antônio Venker Menezes Mano Menezes
9%
José João Altafini Mazzola
9%
Jorge Ferreira da Silva | Vanderlei Eustáquio de Oliveira Palhinha
9%
Marcos Rogério Ricci Lopes Pará
9%
Armelino Donizetti Quagliato Zetti
9%
Tomás Soares da Silva Zizinho
9%
João Leiva Campos Filho Leivinha
8%
Paulo Sérgio Rosa Barroso Viola
8%
Francisco Jesuíno Avanzi Chicão
7%
Edinaldo Batista Libânio Grafite
7%
Marcelo dos Santos Marcelinho Paraíba
7%
Marcos Antônio de Lima Índio
6%
Raimundo Ferreira Ramos Júnior Júnior Baiano
6%
Antônio Nunes Lico
6%
Haílton Corrêa de Arruda Manga
6%
Luís Antônio Corrêa da Costa Müller
6%
Raimundo Nonato Tavares da Silva Bobô
5%
Marcos Venâncio de Albuquerque Ceará
5%
Edi Wilson José dos Santos Dinho
5%
Luíz Ribeiro Pinto Neto Lula
5%
Wanderson Ferreira de Oliveira Valdívia
5%
Ricardo Rogério de Brito Alemão
4%
Mário Lúcio Duarte Costa Aranha
4%
Antônio José da Silva Filho Biro Biro
4%
José Ribamar de Oliveira Canhoteiro
4%
Welington Pereira Rodrigues Gum
4%
Márcio Rodrigues Magrão
4%
Manoel Rezende de Mattos Cabral Nelinho
4%
Luís Roberto Magalhães Pingo
4%
Edivaldo Oliveira Chaves Pita
4%
Paulo César Fonseca do Nascimento Tinga
4%
Alexander Pereira Cardoso Alex Mineiro
3%
Luís Carlos de Oliveira Preto Pintado
3%
Anderson Simas Luciano Tcheco
3%
Osmar Fortes Barcellos Tesourinha
3%
Pedro Francisco Garcia Tupãzinho
3%
Eduardo Roberto Stinghen Ado
2%
Rigoberto Costa Beto Fuscão
2%
Nílton Coelho da Costa Bodinho
2%
Henrique Valmir da Conceição China
2%
Oswaldo Azzarini Rolla Foguinho
2%
Yuri Souza Almeida Mamute
2%
Geraldo Pereira de Matos Filho Mazarópi
2%
Valdemar Rodrigues Martins Oreco
2%
Cleilton Eduardo Vicente Perdigão
2%
João Coelho Neto Preguinho
2%
Waldir Cardoso Lebrêgo Quarentinha
2%
Renato Adriano Jacó Morais Renato Cajá
2%
Elba de Pádua Lima Tim
2%
Julio Titow Yura
2%
Alberto Zolim Filho Carlitos
1%
Eduardo Luis Abonízio de Souza Edu Dracena
1%
Olavo Leite de Bastos Kafunga
1%
Jorge Luís da Silva Brum Pinga
1%
Nenhum quiz correspondente encontrado
Distribuição das Pontuações
Porcentagem de Pessoas com Cada Pontuação
Percentil de Números Respondidos
Sua Pontuação Histórica
Você não jogou esse quiz